Sacred textiles of India / (Record no. 3634)

000 -LEADER
fixed length control field 01050cam a2200289 i 4500
003 - CONTROL NUMBER IDENTIFIER
control field OSt
005 - DATE AND TIME OF LATEST TRANSACTION
control field 20200310131033.0
008 - FIXED-LENGTH DATA ELEMENTS--GENERAL INFORMATION
fixed length control field 140919s2014 ii a b 001 0 eng
020 ## - INTERNATIONAL STANDARD BOOK NUMBER
International Standard Book Number 9789383243013
020 ## - INTERNATIONAL STANDARD BOOK NUMBER
International Standard Book Number 9383243015 (Cover)
040 ## - CATALOGING SOURCE
Original cataloging agency DLC
Language of cataloging eng
Transcribing agency DLC
Description conventions rda
Modifying agency DLC
042 ## - AUTHENTICATION CODE
Authentication code lcode
-- pcc
043 ## - GEOGRAPHIC AREA CODE
Geographic area code a-ii---
082 ## - DEWEY DECIMAL CLASSIFICATION NUMBER
Classification number 746.0954
Item number DHA
245 00 - TITLE STATEMENT
Title Sacred textiles of India /
Statement of responsibility, etc edited by Jasleen Dhamija.
300 ## - PHYSICAL DESCRIPTION
Extent 108 pages :
Other physical details color illustrations ;
Dimensions 33 cm
500 ## - GENERAL NOTE
General note "Vol. 65, no. 4, June 2014"--Title page verso; simultaneously issued in serial format as an issue of Mārg.
504 ## - BIBLIOGRAPHY, ETC. NOTE
Bibliography, etc Includes bibliographical references (pages 104-105) and index.
650 #0 - SUBJECT ADDED ENTRY--TOPICAL TERM
Topical term or geographic name as entry element Textile fabrics
Geographic subdivision India
General subdivision Religious aspects.
651 #0 - SUBJECT ADDED ENTRY--GEOGRAPHIC NAME
Geographic name India
General subdivision Religious life and customs.
700 1# - ADDED ENTRY--PERSONAL NAME
Personal name Dhamija, Jasleen,
Dates associated with a name 1933-
Relator term editor.
710 2# - ADDED ENTRY--CORPORATE NAME
Corporate name or jurisdiction name as entry element Marg Foundation (Mumbai, India)
730 0# - ADDED ENTRY--UNIFORM TITLE
Uniform title Mārg̲.
906 ## - LOCAL DATA ELEMENT F, LDF (RLIN)
a 7
b cbc
c origode
d 3
e ncip
f 20
g y-gencatlg
942 ## - ADDED ENTRY ELEMENTS (KOHA)
Source of classification or shelving scheme
955 ## - COPY-LEVEL INFORMATION (RLIN)
Copy information and material description, CCAL + MDES (RLIN) wd34 2014-09-29 to ASME
Classification number, CCAL (RLIN) cg00 2015-04-14 to ASME/SEASA
Holdings
Withdrawn status Lost status Damaged status Not for loan Permanent location Current location Date acquired Cost, normal purchase price Total Checkouts Barcode Date last seen Date last borrowed Price effective from Koha item type
        BMS College of Architecture, Design and Planning BMS College of Architecture, Design and Planning 2020-03-03 1250.00 1 CL-UG66488 2022-11-23 2022-11-07 2020-03-03 UG Books from CL
Copyright © 2025, The Librarian, Library and Information Centre, BMSCA D&P, Bengaluru. All Rights Reserved
web counter

Powered by Koha